Liste des Pokémon ayant au moins 130 de base stat en Défense - Statistiques

Statistiques générales
  • Ce quiz a été pris 52 fois
  • Le résultat moyen est 33 sur 64
Statistiques - réponses
Type Principal Pokémon Défense % Correct
Acier Steelix 200
100%
Roche Grolem 130
91%
Roche Grolem d'Alola 130
91%
Insecte Caratroc 230
82%
Acier Méga Galeking 230
82%
Acier Métalosse 130
82%
Acier Galeking 180
77%
Sol Groudon 140
77%
Acier Méga Steelix 230
77%
Sol Rhinastoc 130
77%
Glace Séracrawl 184
77%
Roche Bastiodon 168
73%
Insecte Méga Cizayox 140
73%
Roche Onix 160
73%
Poison Prédastérie 152
73%
Sol Primo Groudon 160
73%
Acier Registeel 150
73%
Glace Séracrawl de Hisui 184
73%
Roche Ama-Ama 211
68%
Acier Méga Métalosse 150
68%
Roche Méga Tyranocif 150
68%
Roche Regirock 200
68%
Acier Airmure 140
64%
Psy Deoxys Défense 160
64%
Insecte Mouscoto 139
64%
Combat Zamazenta Bouclier Suprême 140
64%
Roche Diancie 150
59%
Psy Lugia 130
59%
Spectre Noctunoir 135
55%
Spectre Téraclope 130
55%
Acier Exagide 140
50%
Roche Gigalithe 130
50%
Eau Méga Flagadoss 180
50%
Plante Noacier 131
50%
Eau Crustabri 180
45%
Acier Galegon 140
41%
Roche Strassie 150
41%
Roche Dolman 135
36%
Eau Froussardine Forme Banc 130
36%
Plante Katagami 131
36%
Dragon Méga Drattak 130
36%
Eau Mégapagos 133
36%
Poison Pêchaminus 160
36%
Spectre Tutankafer 145
36%
Sol Tutétékri 145
36%
Insecte Foretress 140
32%
Sol Fort-Ivoire 131
32%
Roche Gigansel 130
32%
Acier Pondralugon 130
32%
Roche Tarinor 135
32%
Glace Blizzeval 130
27%
Feu Boumata 135
27%
Acier Dimoclès 150
27%
Acier Ferdeter 145
27%
Acier Melmétal 143
27%
Plante Phyllali 130
27%
Insecte Sarmuraï 140
27%
Roche Tarinorme 145
27%
Feu Chartor 140
23%
Psy Sylveroy Cavalier du Froid 150
23%
Eau Concombaffe 130
18%
Psy Créhelf 130
18%
Psy Cosmovum 131
14%
Eau Relicanth 130
9%
Aucun quiz correspondant
Distribution des résultats
% des personnes avec chaque résultat
Percentile par nombre de réponses
Votre historique - résultats
Vous n’avez pas pris ce quiz